| LEADER |
00972nam0a2200253 450 |
| 001 |
16826231 |
| 010 |
|
|
|a 978-2-8001-4959-2
|b Br.
|d 9,5
|
| 100 |
|
|
|a 20111013d2026 u u0frey01 ba
|
| 101 |
0 |
|
|a fre
|
| 102 |
|
|
|a FR
|
| 200 |
0 |
|
|a Râ
|f Virginie Vertonghen, Carine De Brab
|g Carine De Brab - couleurs Cristina Stella
|
| 207 |
|
1 |
|a
|
| 210 |
|
|
|a Paris
|b 57, bd de La Villette
|c Dupuis
|d DL 2011
|
| 215 |
|
|
|a 1 vol. (30 p.)
|c ill. en coul.
|d 27 cm
|
| 225 |
1 |
|
|a Puceron
|v 5
|
| 330 |
|
|
|a La Vavache, tombée dans un livre, se retrouve dans le tombeau d'un pharaon. Elle s'y amuse bien, mais déclenche la colère des Egypchiens...
|
| 461 |
|
0 |
|t La Vavache
|v 5
|
| 700 |
|
0 |
|a Vertonghen
|b Virginie
|f 1976-....
|4 70
|
| 701 |
|
0 |
|a De Brab
|b Carine
|4 440
|
| 701 |
|
0 |
|a De Brab
|f 1958-....
|4 70
|
| 702 |
|
0 |
|a Stella
|b Cristina
|4 410
|
| 900 |
|
|
|a Bande Dessinée (enfants)
|
| 901 |
|
|
|a Jeunesse
|
| 995 |
|
|
|a Médiathèque
|c Médiathèque
|f 089011660
|h 089011660
|k BD VAV
|o p
|q j
|r az
|e Médiathèque
|